| 000 | 00379 a2200157 4500 | ||
|---|---|---|---|
| 001 | 71661 | ||
| 020 | _a8532248705 | ||
| 040 | _cAnchieta - Colégio São Paulo | ||
| 100 | _aPereira, Breno Fernandes | ||
| 240 | 1 | 0 |
_aO mistério da casa da colina _lpor |
| 245 | 1 | 0 | _aO mistério da casa da colina |
| 300 | _a88 | ||
| 362 | 0 | _a2002 | |
| 650 | 4 | _aLiteratura juvenil | |
| 942 | _cBK | ||
| 999 |
_c71661 _d71661 |
||